Surveying And Levelling, (Record no. 5627)

MARC details
005 - DATE AND TIME OF LATEST TRANSACTION
control field 20250627123552.0
020 ## - INTERNATIONAL STANDARD BOOK NUMBER
International Standard Book Number 0-19-808542-7
082 ## - DEWEY DECIMAL CLASSIFICATION NUMBER
Classification number 526,9 SUB.
100 ## - MAIN ENTRY--PERSONAL NAME
Author name SUBRAMANIAN, R.
245 ## - TITLE STATEMENT
Title Surveying And Levelling,
250 ## - EDITION STATEMENT
Edition statement 2nd Ed.
260 ## - PUBLICATION, DISTRIBUTION, ETC.
Place of publication, distribution, etc. New Delhi,
Name of publisher, distributor, etc. Oxford University Press,
Date of publication, distribution, etc. 2012.
300 ## - PHYSICAL DESCRIPTION
Extent vii.; 957p.; Ill.; picture,
Other physical details Index,
Dimensions 23cm.
942 ## - ADDED ENTRY ELEMENTS (KOHA)
Source of classification or shelving scheme Dewey Decimal Classification
Koha item type Books
Holdings
Date last seen Total checkouts Full call number Barcode Cost, replacement price Price effective from Koha item type Lost status Source of classification or shelving scheme Damaged status Not for loan Withdrawn status Home library Current library Shelving location Date acquired Cost, normal purchase price
06/27/2025   526.9SUB DOM0002527 150000.00 06/27/2025 Books   Dewey Decimal Classification       CBE Dodoma CBE Dodoma General Collection 09/08/2020 50000.00
06/28/2025   526.9 SUB DOM0002526 150000.00 06/28/2025 Books   Dewey Decimal Classification       CBE Dodoma CBE Dodoma General Collection 09/08/2020 50000.00